Supply chain modeling via robust optimization

Príspevok poskytuje metódy a myšlienky pre modelovanie siete dodávateľských reťazcov. Jedná sa o matematické možnosti modelovania dodávateľského reťazca.

Uložené v:
Podrobná bibliografia
Hlavný autor: Reiff, Marian, 1978-
Médium: Kapitola
Jazyk:English
Predmet:
Tagy: Pridať tag
Žiadne tagy, Buďte prvý, kto otaguje tento záznam!

MARC

LEADER 00000naa$a2200000$$$4500
001 0080560
005 20240717100053.2
041 0 |a eng 
044 |a SK 
245 1 0 |a Supply chain modeling via robust optimization  |c Marian Reiff 
520 |a Príspevok poskytuje metódy a myšlienky pre modelovanie siete dodávateľských reťazcov. Jedná sa o matematické možnosti modelovania dodávateľského reťazca. 
610 2 0 |a siete obchodné 
610 2 0 |a reťazce dodávateľsko-odberateľské 
610 2 0 |a modelovanie 
610 2 0 |a modelovanie matematické 
610 2 0 |a optimalizácia 
100 1 |a Reiff, Marian, 1978-